000 00734nam a22001937a 4500
005 20231211154006.0
010 _a126522
020 _a9789382695110
035 _aHN-98868
037 _bDBAD/PUB
082 _a
100 _aअजय कुमार सिंह
_959750
245 _aबेटी ;कहानी- संग्रह/
_cअजय कुमार सिंह
250 _a1
260 _a दिल्ली
_bविकल्प
_c2021
270 _a2226/बी, प्रथम तल, गली नं. 33, पहला पुस्ता सोनिया विहार,
_bदिल्ली
_e110090
300 _a152पृष्ठ
_c22(सजिल्द)
942 _cHN
_h
_2ddc
_mअजय
999 _c199557
_d199557